000
00404nam a22001697a 4500
003
MPLRDC
005
20220104123337.0
008
210129b ||||| |||| 00| 0 eng d
082
_a
426.3 YXD
100
_a
杨肖棣编著
245
_a
儿童服装裁剪大全
_c
250
_a
初版
260
_a
_b
香港大中书局
_c
1958
300
_b
平
650
_a
家庭缝纫
942
_c
BK
_o
426.3 YXD
999
_c
10636
_d
10626